活出生命的色彩 : (Record no. 19664)
[ view plain ]
| 000 -LEADER | |
|---|---|
| fixed length control field | 00951nam a2200241Ia 4500 |
| 008 - FIXED-LENGTH DATA ELEMENTS--GENERAL INFORMATION | |
| fixed length control field | 200826s9999||||xx |||||||||||||| ||und|| |
| 020 ## - INTERNATIONAL STANDARD BOOK NUMBER | |
| International Standard Book Number | 9789867955197 |
| 020 ## - INTERNATIONAL STANDARD BOOK NUMBER | |
| International Standard Book Number | 9867955196 |
| 041 ## - LANGUAGE CODE | |
| Language code of text/sound track or separate title | chi |
| Language code of original | eng |
| 050 ## - LIBRARY OF CONGRESS CALL NUMBER | |
| Classification number | BT732.4 |
| Item number | .O43 2002 |
| 100 ## - MAIN ENTRY--PERSONAL NAME | |
| Personal name | Omartian, Stormie |
| 245 #0 - TITLE STATEMENT | |
| Title | 活出生命的色彩 : |
| Remainder of title | 揮別傷痛,天色再藍 = Lord, I want to be whole: the power of prayer and scripture in emotional healing / |
| Statement of responsibility, etc. | 史多美.奧瑪森 (Stormie Omartian) 著; 許一新譯 |
| 246 ## - VARYING FORM OF TITLE | |
| Title proper/short title | 活出生命的色彩 : |
| Remainder of title | 挥别伤痛.天色再蓝/ |
| 260 ## - PUBLICATION, DISTRIBUTION, ETC. | |
| Place of publication, distribution, etc. | 台北: |
| Name of publisher, distributor, etc. | 雅歌, |
| Date of publication, distribution, etc. | 2002 |
| 300 ## - PHYSICAL DESCRIPTION | |
| Extent | 240 p. |
| Other physical details | ; |
| Dimensions | 21 cm. |
| 490 ## - SERIES STATEMENT | |
| Series statement | 心理叢書 |
| 500 ## - GENERAL NOTE | |
| General note | Translation of: Lord, I want to be whole: the power of prayer and scripture in emotional healing. |
| 650 ## - SUBJECT ADDED ENTRY--TOPICAL TERM | |
| Topical term or geographic name entry element | Christian women -- Religious life. |
| 650 ## - SUBJECT ADDED ENTRY--TOPICAL TERM | |
| Topical term or geographic name entry element | Mental health -- Religious aspects -- Christianity. |
| 700 ## - ADDED ENTRY--PERSONAL NAME | |
| Personal name | 奧瑪森 |
| 700 ## - ADDED ENTRY--PERSONAL NAME | |
| Personal name | 許一新 |
| Withdrawn status | Lost status | Damaged status | Not for loan | Home library | Current library | Shelving location | Date acquired | Total Checkouts | Total Renewals | Full call number | Barcode | Date last seen | Date last checked out | Price effective from | Koha item type |
|---|---|---|---|---|---|---|---|---|---|---|---|---|---|---|---|
| GETS Theological Seminary Library | GETS Theological Seminary Library | General Stacks | 08/26/2020 | 1 | 1 | BT732.4 .O43 2002 | 00007090 | 08/18/2023 | 06/01/2023 | 08/26/2020 | Chinese Book |